000 00329nam a2200121Ia 4500
008 210210b2000 xxu||||| |||| 00| 0 eng d
082 _a382 RAMT
100 _aRAMAKRISHNA (T N).
245 _aText book of international trade for II Bcom.
260 _a
_bNot Mentioned
_c2000
690 _aInternational Trade
906 _a053017
999 _c101328
_d101328